| 000 | 00423nam a22001697a 4500 | ||
|---|---|---|---|
| 003 | SGT | ||
| 020 | _a9789354657818 | ||
| 082 |
_a615 _bP23U |
||
| 100 | _aUDAY KUMAR PADMAJA | ||
| 245 | _aPHARMACOLOGY FOR UNDERGRADUATES | ||
| 250 | _a2nd | ||
| 260 |
_aNEW DELHI _bJAYPEE BROTHER _c2023 |
||
| 300 | _a406 | ||
| 650 | _aPHARMACOLOGY UNDERGRADUATES | ||
| 653 | _aPHARMACOLOGY, UNDERGRADUATES , COLOGY | ||
| 942 |
_2ddc _cBK |
||
| 999 |
_c23860 _d23860 |
||